00321nam a2200133Ia 4500100003100000650000800031366000700039654000800046245005700054260002800111082001500139300000800154546002500162 aWoods/Dan/ Mattern/Thomas  aSOA f20 aSOA aEnterprise SOA: Designing IT for business innovation bShroff Publishersc2006 a658.4bWOO a433 aENGLISHcelectronics